000 00543nam a2200205Ia 4500
003 OSt
005 20230420104402.0
008 210423s2012 xx 000 0 und d
020 _a9788132107231
040 _cAL
041 _aeng
082 _a658.110954
_223
_b SARJ
100 _aSARKAR (Jayati);SARKAR (Subrata).
_990873
245 _aCorporate governance in India.
260 _aNew Delhi
_bSage Publications
_c2012
300 _axiii,562
_bPB
365 _b795
_cINR
906 _aCorporate ; governance ; India.
942 _2ddc
_cBK
999 _c160780
_d160780